[Event "Los Angeles"]
[Site "Los Angeles"]
[Date "2003.08.21"]
[Round "4"]
[White "Becerra Rivero, Julio"]
[Black "Akobian, Varuzhan"]
[Result "1-0"]
[WhiteElo "2569"]
[BlackElo "2533"]
[Annotator "Finkel,A"]
[PlyCount "128"]
[EventDate "2003.08.18"]
[EventType "tourn"]
[EventRounds "9"]
[EventCountry "USA"]
[EventCategory "10"]
[SourceTitle "CBM 097"]
[Source "ChessBase"]
[SourceDate "2003.11.11"]
[SourceVersion "1"]
[SourceVersionDate "2003.11.11"]
[SourceQuality "1"]

1. e4 e6 2. d4 d5 3. Nc3 Nf6 4. e5 Nfd7 5. Nf3 c5 6. dxc5 Nc6 7. Bf4 Bxc5 8.
Bd3 f6 (8... Nb4 9. O-O Nxd3 10. Qxd3 Be7 11. Nd4 Nf8 12. Bg3 a6 13. f4 g6 14.
Bf2 Bd7 15. Rad1 Qa5 16. a3 Rc8 17. Kh1 h5 18. Nb3 Qd8 19. Bd4 Bc6 20. Qe3 Nd7
21. Nd2 b5 22. Nf3 Bb7 23. b4 $16 {Mason,Ja-Lee,F/London (20) 1899/0-1 (60)}) (
8... Qb6 9. O-O Be7 10. Re1 a6 11. a3 h6 12. h4 Nc5 13. b4 Nxd3 14. Qxd3 Qd8
15. h5 Bd7 16. Na4 Nb8 17. Nc5 Bb5 18. Qe3 Qc8 19. Nb3 Nc6 20. Nfd2 Qc7 21. a4
Bc4 22. c3 Bxb3 23. Nxb3 $14 {Knezevic,M-Raicevic,V/Majdanpek 21/181 1976}) (
8... Be7 9. O-O Nc5 (9... g5 $6 10. Bg3 g4 11. Ne1 Ndxe5 12. Qe2 Bf6 13. Rd1
O-O 14. Bb5 $36 {Zimmermann,F-Heinicke,H/BL 8081 FH Hamburg-Mainz [8] 1981})
10. Qd2 O-O 11. a3 a6 12. b4 Nxd3 13. cxd3 f5 14. exf6 gxf6 15. d4 Kh8 $132) (
8... a6 $5 9. O-O f6 10. exf6 Nxf6 11. Ne5 O-O 12. Bg3 Qe7 13. Qe2 Nd4 $132 {
Letay-Godel/Budapest open 1989}) (8... h6 9. Bg3 a6 10. O-O b5 11. Re1 O-O 12.
Ne2 b4 13. c3 bxc3 14. bxc3 $14 {Gufeld,E-Spassky,B/URS-ch27 Leningrad (13)
1960}) (8... f5 $2 9. Bxf5 exf5 10. Qxd5 Ne7 11. Qd3 Bb6 12. O-O-O Nc5 13. Qc4
Qc7 14. Nb5 {1-0 Edocs,J-Gorla,L/Bern op (8) 1991}) 9. exf6 Qxf6 (9... Nxf6)
10. Bg3 (10. Bg5 Qf7 11. O-O (11. Bh4 Qh5 12. Bg3 a6 13. Qe2 Nf6 14. Na4 Nd4
15. Nxd4 Bxd4 16. c3 Ba7 17. b4 $14 {Maier,C-Zier,L/FRG-qual (Süd) 1986}) 11...
O-O 12. Bh4 Qh5 13. Bg3 Nf6 14. a3 Kh8 15. Re1 Bd7 16. Nb5 Rac8 17. c3 Ng4 18.
Nbd4 $14 {Dankert,P-Krauseneck,P/BL 8182 Markth'feld-Porz [5] 1982}) 10... O-O
11. O-O Nd4 (11... h6 12. Qd2 Bb4 13. a3 Be7 14. Rfe1 a6 15. Re2 Nc5 16. Ne5
Nxe5 17. Bxe5 Qf7 18. Rae1 Bg5 19. Qd1 Bf4 20. Bxf4 Qxf4 21. g3 Qf6 22. Qd2 Bd7
23. Re5 Bc6 24. f4 Rae8 25. Qe3 d4 26. Qxd4 $14 {Matychenkov,V-Galanov,B/
URS-chT 1988}) (11... g6 12. Qe2 Nb6 13. Rae1 a6 14. Ne5 Bd4 15. Nd1 $14 {
Kaeser,U-Meyer,P/Sankt Augustin (04) 1990}) 12. Nxd4 (12. Nd2 $6 a6 13. Na4 Ba7
14. c4 {/\cxd5 >< Pd5} b5 15. cxd5 $2 bxa4 16. Ne4 Qh6 17. dxe6 Nxe6 (17...
Qxe6 $2 18. Ng5) 18. Nd6 {/\Bc4/Be4} Ndc5 $19 {Barlov,D-Drasko,M/Tivat 1994/
CBM 43/[Hansen,Cu]}) 12... Bxd4 13. Qh5 (13. Qe2) (13. Qd2) (13. Nb5 $5) 13...
g6 14. Qe2 Nc5 (14... Ne5 15. Nb5 Nxd3 16. cxd3 Bd7 17. Nxd4 Qxd4 18. Be5 Qh4
19. d4 Rac8 $11 {Meissner,H-Uhlmann,W/Stralsund 1975}) (14... a6 15. Rae1 Nc5
16. Nd1 Bd7 17. c3 Nxd3 18. Qxd3 Ba7 19. c4 Qd4 20. Qxd4 Bxd4 21. cxd5 exd5 $13
{Rogers,I-Drasko,M/Tallinn 1985}) 15. Nd1 {[%cal Gd1e3,Ge3g4]} (15. Rae1 Bd7
16. Be5 Bxe5 17. Qxe5 Qxe5 18. Rxe5 Nxd3 19. cxd3 Rac8 20. Re2 b5 21. Rd2 Kf7
22. f4 Ke7 $11 {Lind,J-Rylander,D/Skara 2002}) 15... Nxd3 {Thus far everything
was already played.} (15... e5 16. c3 e4 17. Bc2 Be5 18. Ne3 Be6 19. Qb5 Rac8
20. Rad1 Rfd8 21. b4 Bxg3 22. hxg3 Qxc3 23. bxc5 d4 24. Qxb7 $16 {Jakymov,
V-Polivanov,A/Kiev 2000}) (15... b6 16. c3 Nxd3 17. Qxd3 Bc5 18. Ne3 a5 19.
Rfe1 $14) 16. Qxd3 Bd7 17. c3 Bb6 18. Ne3 h5 {Black can't afford to himself to
let white knight to come to e5.} (18... Qg5 $5 19. Bd6 Rf7 20. f4 $6 Qf5 $11)
19. h3 Rf7 (19... Bc6 20. Rae1 Rad8 $14 {[%csl Gd6]}) 20. Kh1 Qg5 21. Bd6 $1
$16 {[%cal Gf2f4,Ge3c2,Gc2d4,Gd6e5]} e5 {This move is probably based on
miscalculation since forthcoming complications are leading to easily winning
endgame for white.} (21... Bxe3 22. fxe3 Rxf1+ 23. Rxf1 Bc6 24. Qd4 Re8 25. Be5
$16) 22. Nxd5 e4 (22... Bxf2 23. Ne7+ Kg7 24. Qe2 Bg3 25. Rxf7+ Kxf7 26. Qc4+
Kg7 27. Qc7 $18 {[%cal Gc7g7]}) 23. Qxe4 Re8 24. f4 $1 Qg3 (24... Rxe4 25. fxg5
$18) 25. Be5 Bxh3 26. Nxb6 Bf5 27. Qa4 Rd8 28. Rad1 $1 $18 {Depriving black
any hope of survival.} (28. Nc4 $2 Be4 29. Rf3 Bxf3 30. gxf3 Qxf3+ 31. Kg1 Qg4+
32. Kf2 Rd3 $19) 28... Qh4+ 29. Kg1 axb6 30. Rxd8+ Qxd8 31. Rd1 Rd7 32. Qb3+
Kf8 33. Rxd7 Qxd7 (33... Bxd7 34. Qd5) 34. Qxb6 {The rest is just a matter of
technique.} Ke8 35. Qe3 Kf7 36. c4 Qc6 37. b3 Qe4 38. Qd2 Qd3 39. Qa5 Qd1+ 40.
Kh2 Qd7 41. Qb6 Qe7 42. Kg1 Be4 43. b4 Qh4 44. Qe3 Bf5 45. b5 Qg4 46. c5 Qd1+
47. Kh2 Qd3 48. Qxd3 Bxd3 49. a4 Ke6 (49... Bc2 50. c6 bxc6 51. b6 $18) 50. Kg3
Bc4 (50... Kd7 51. Kh4 Bc2 $6 52. a5 Bd3 53. a6 bxa6 54. c6+ Kc8 55. b6 $18)
51. c6 bxc6 52. bxc6 Bd5 53. c7 Bb7 54. Kf2 Kd5 55. Kf3 Bc8 56. Bf6 Bb7 57. Bd8
Bc8 58. Bf6 Kd6 59. Be5+ Kd5 60. Bc3 Bb7 61. Ke3 Kc6 62. Be5 h4 63. Kf2 Bc8 64.
Kf3 Bb7 1-0

[Event "Chigorin Memorial 07th"]
[Site "St Petersburg"]
[Date "1999.11.02"]
[Round "1"]
[White "Aseev, Konstantin N"]
[Black "Pesiakov, Valentin"]
[Result "1/2-1/2"]
[WhiteElo "2533"]
[BlackElo "2348"]
[Annotator "Finkel,A"]
[PlyCount "46"]
[EventDate "1999.11.02"]
[EventType "swiss"]
[EventRounds "9"]
[EventCountry "RUS"]
[SourceTitle "CBM 074"]
[Source "ChessBase"]
[SourceDate "2000.02.01"]
[SourceVersion "1"]
[SourceVersionDate "2000.02.01"]
[SourceQuality "1"]

1. e4 e6 2. d4 d5 3. Nc3 Nf6 4. e5 Nfd7 5. Nce2 c5 6. c3 Nc6 7. f4 f6 8. Nf3
Qb6 9. exf6 (9. g3 cxd4 10. cxd4 Bb4+ 11. Nc3 fxe5 (11... O-O 12. a3 Be7 13.
Bh3 (13. Bd3 $5 fxe5 14. dxe5 Ndxe5 $6 15. fxe5 Nxe5 16. Be2 Bf6 17. Na4 $16 {
Lanka,Z-Soln,P/Ljubljana op 1994}) 13... Kh8 14. exf6 Nxf6 15. O-O Ne4 16. Re1
$16 {Riemersma,L-Luther,T/Hania op 1993}) 12. fxe5 O-O 13. Bf4 Be7 14. Bh3 Kh8
15. O-O $36 {[%csl Re6] Mikulas,D-Sladecek,J/SVK-chT3a 1997}) 9... Nxf6 10. g3
Bd6 11. Bg2 O-O 12. O-O cxd4 (12... Bd7 13. Kh1 Rae8 14. Ne5 (14. Be3 $5 c4 15.
b3 Qc7 16. Ne5 b5 17. h3 Re7 18. g4 Be8 19. Ng3 $36 {Neuman,P-Jurek,J/Komercni
Banka op 1996}) 14... cxd4 15. Nxd7 Nxd7 16. Nxd4 Nf6 17. Qb3 Bc5 18. Qxb6 Bxb6
19. Nc2 e5 20. fxe5 Rxe5 $132 {Votava,J-Nikolenko,O/Pardubice op 1994}) 13.
cxd4 ({More in the spirit of the position seems} 13. Nexd4 $5 e5 (13... Bd7 14.
Qb3 Qxb3 15. axb3 Nxd4 16. Nxd4 Bc5 17. Rd1 $14) 14. fxe5 Nxe5 15. Qb3 Qxb3 16.
axb3 Nd3 17. b4 Bd7 18. Rd1 Nxc1 19. Rdxc1 $14 {with comfortable advantage in
the endgame. Jansa,V-Libeau,R/Muenster 1992}) 13... e5 $1 14. fxe5 Nxe5 15.
Nxe5 Bxe5 16. Kh1 $6 ({The only chanse to fight for the advantage was} 16. Bf4
$1 Bxf4 17. Nxf4 Be6 18. Re1 Rae8 19. Qd2 $14 {with slightly better prospects
for white.}) 16... Bc7 17. Nc3 (17. Bf4 Bg4 18. Bxc7 Qxc7 19. Qd3 Bxe2 20. Qxe2
Rae8 $11) 17... Be6 (17... Bg4 $2 18. Rxf6 $1 (18. Nxd5) 18... Bxd1 19. Rxb6
Bxb6 20. Nxd1 $16) 18. Qe2 (18. Qd3 Rae8 19. Bg5 Bd8 20. Bxf6 Bxf6 21. Nxd5
Bxd5 22. Bxd5+ Kh8 $11) 18... Rae8 19. Be3 Bf7 20. Qd2 Qe6 21. Bf4 Ba5 $1 22.
Be5 Bxc3 23. Qxc3 Ne4 1/2-1/2

[Event "RUS-ch 53rd"]
[Site "Samara"]
[Date "2000.06.25"]
[Round "9"]
[White "Shaposhnikov, Evgeny"]
[Black "Alavkin, Arseny Nailievich"]
[Result "1-0"]
[WhiteElo "2503"]
[BlackElo "2397"]
[Annotator "Finkel,A"]
[PlyCount "55"]
[EventDate "2000.06.03"]
[EventType "swiss"]
[EventRounds "11"]
[EventCountry "RUS"]
[SourceTitle "CBM 078"]
[Source "ChessBase"]
[SourceDate "2000.10.18"]
[SourceVersion "1"]
[SourceVersionDate "2000.10.18"]
[SourceQuality "1"]

1. e4 e6 2. d4 d5 3. Nc3 Nf6 4. e5 Nfd7 5. f4 c5 6. Nf3 Nc6 7. Be3 a6 $5 {
This variation leads to complicated struggle with mutual chanses and can be
rcommened for anyone who plays french defense.} 8. Qd2 b5 9. Qf2 Qb6 10. Bd3
cxd4 11. Nxd4 Bc5 {Another reasonable option is} (11... Nxd4 12. Bxd4 Bc5 13.
Bxc5 (13. Ne2 Bxd4 14. Nxd4 Nc5 {1/2-1/2 Roschina,T-Macek,V/CRO-chT 1996} (
14... Nc5 15. O-O Nb7 {1/2-1/2 Marjanovic,M-Stamenkovic,Z/JUG-chT 1997} (15...
O-O 16. b4 Ne4 17. Bxe4 dxe4 18. Nb3 Qxf2+ 19. Kxf2 Bb7 20. Ke3 Bd5 $11 {
Kruppa,Y-Savchenko,S/Minsk 1996}))) 13... Nxc5 14. O-O {1/2-1/2 Roschina,
T-Zaitseva,L/Moscow-W 1995}) 12. Nce2 b4 (12... f6 13. exf6 Nxf6 14. h3 (14. c3
e5 15. fxe5 Nxe5 16. O-O-O $13 {1/2-1/2 Rytshagov,M-Barsov,A/Dieren op 1997})
14... O-O 15. O-O-O e5 16. fxe5 Ne4 $13 {Macieja,B-Schmidt,W/Legnica Voivode
Cup 1994}) 13. O-O (13. c3 a5 14. O-O Ba6 15. Bxa6 Rxa6 16. Rac1 O-O $11 {
Miladinovic,I-Kosic,D/JUG-chT 1997}) 13... f6 $5 (13... a5 14. Rad1 Ba6 15.
Bxa6 Rxa6 16. Rd3 O-O 17. Qg3 $13 {[%cal Ge3f2]}) 14. Kh1 $1 O-O ({Too
dangerous is to take the pawn:} 14... fxe5 15. fxe5 Ndxe5 16. Qg3 Ra7 $1 (16...
g6 17. Nxc6 Nxc6 18. Qf2 $1 {[%csl Rc5][%cal Gf2f7,Ge3c5]} Bxe3 19. Qf7+ Kd8
20. Qf6+ Kc7 21. Qxh8 $18) (16... Nxd3 $6 17. Qxg7 Rf8 18. cxd3 Qa7 19. Qh6 $1
$16 Rxf1+ 20. Rxf1 Nxd4 21. Bxd4 Bxd4 22. Qf8+ Kd7 23. Rf7+ Kc6 24. Rxa7 $18)
17. Nxc6 Nxc6 18. Bxc5 Qxc5 19. Bxh7 $1 e5 20. Rad1 $36 {and white has
dangerous initiative.}) 15. exf6 Rxf6 (15... gxf6 $2 16. Qg3+ Kf7 (16... Kh8
17. Nxe6 $1 $18) 17. Nxc6 Bxe3 18. Bxh7 Qxc6 19. Qxe3 $16) (15... Nxf6 16. Nxc6
Bxe3 17. Qg3 $14) 16. Nxc6 $5 Bxe3 17. Qg3 Bb7 (17... Bc5 18. Ne5 Nxe5 19. fxe5
Rxf1+ 20. Rxf1 Bd7 21. Nf4 $1 {[%csl Rg8][%cal Gf4h5]} (21. Qh4 h6 $13) 21...
Qc7 (21... Rf8 22. Nh5 Rxf1+ 23. Bxf1 Bf8 24. Nf6+ Kf7 25. Nxd7 $18) 22. Bxh7+
$1 Kxh7 23. Qh4+ Kg8 24. Ng6 $18) 18. Ne5 Nxe5 (18... Rd8 $2 19. Ng4 $18 {
[%cal Gg4f6,Gg4e3]}) 19. fxe5 Bf2 $1 {This strong move gives black good
counterchanse,which he,however,doesn't use in the game.} (19... Rf2 $5 20. Qh3
(20. Nf4 $1 Rf8 (20... Rxf4 21. Rxf4 Bxf4 22. Qxf4 a5 (22... Rf8 $2 23. Bxh7+
$18) 23. Rf1 Qc7 24. Qh4 g6 25. Qf6 $16) 21. Rxf2 Bxf2 22. Qg4 Rf7 $1 (22...
Bc8 23. Nh5 $18) 23. Nxe6 (23. Rf1 Qd4 $1 $132) 23... Bc8 24. Bxh7+ Kxh7 25.
Qh5+ Kg8 26. Ng5 Be6 27. Qh7+ Kf8 28. Qh8+ Ke7 29. Nxf7 Kxf7 30. Rf1 $14) 20...
h6 21. Rxf2 Bxf2 22. Nf4 $14) 20. Qg4 Rh6 (20... Rf7 $5 $132) 21. Nf4 Rf8 (
21... Bd4 22. Rae1 Bxb2 23. Nh5 Qc7) 22. Nh5 Rf7 $2 {Blundering simple
tactacal blow.After corect} (22... Qc7 $5 23. Nf4 (23. Nf6+ $4 Rfxf6 24. exf6
Rxh2#) 23... Qb6 24. Nh5 $11 {the position remains equal.}) 23. Nf6+ Kh8 (23...
Rfxf6 24. exf6 Rxf6 $14) 24. Nxh7 $1 $16 Qe3 (24... Rxh7 25. Qg6 $1 $18 {
[%cal Gg6f7,Gg6h7]}) (24... Qd8 25. Ng5 Rf8 26. Nxe6 Qd7 27. Bf5 $18) 25. Rae1
$1 Qf4 ({Worse is} 25... Qxe1 26. Rxe1 Bxe1 27. Ng5 Re7 28. Nf3 Bf2 29. Qxb4
$18 {and white has decisive advantage.}) 26. Qxf4 Rxf4 27. Ng5 d4 $2 (27... Kg8
$1 28. Re2 Bg3 29. Rxf4 Bxf4 (29... Rxh2+ 30. Kg1 Bxf4 31. Nxe6 Bg3 32. Nc5 Bc8
33. e6 $18) 30. Nf3 Bc1 31. c3 $16) 28. Re2 (28. Re2 Bg3 29. Nf7+ Kg8 30. Nxh6+
gxh6 31. Rxf4 $18) 1-0

[Event "POL-ch 59th"]
[Site "Warsaw"]
[Date "2002.05.12"]
[Round "13"]
[White "Socko, Bartosz"]
[Black "Gdanski, Jacek"]
[Result "1-0"]
[WhiteElo "2564"]
[BlackElo "2523"]
[Annotator "Finkel,A"]
[PlyCount "67"]
[EventDate "2002.04.29"]
[EventType "tourn"]
[EventRounds "13"]
[EventCountry "POL"]
[EventCategory "10"]
[SourceTitle "CBM 089"]
[Source "ChessBase"]
[SourceDate "2002.08.12"]
[SourceVersion "1"]
[SourceVersionDate "2002.08.12"]
[SourceQuality "1"]

1. e4 e6 2. d4 d5 3. Nc3 Nf6 4. e5 Nfd7 5. f4 c5 6. Nf3 a6 7. Ne2 $5 {Very
rare move promising nothing special to white.} (7. Be3 b5 (7... Qb6 8. Rb1 (8.
Na4 Qa5+ 9. c3 cxd4 10. b4 Qc7 11. Qxd4 Nc6 12. Qd2 Be7 13. Be2 b5 14. Nb2 a5
$13 {Vratonjic,S-Drasko,M/Becici 1993}) 8... Nc6 9. Qd2 Qc7 10. Be2 Be7 11. O-O
O-O 12. Nd1 cxd4 13. Nxd4 Nc5 14. Nf2 Bd7 15. c3 b5 $13 {Timman,J-Bareev,E/
Moscow 1993}) 8. Qd2 Be7 (8... Bb7 9. Bd3 b4 10. Nd1 Nc6 11. O-O cxd4 12. Nxd4
Be7 13. Rf3 O-O 14. Rh3 g6 15. Nf2 $14 {Kamsky-Ivanchuk/Tilburg/1992}) 9. Bd3
g6 10. O-O Bb7 11. Nd1 $14 {Anand,V-Bareev,E/Linares 1993}) 7... Nc6 (7... cxd4
8. Nexd4 Nc6 9. c3 Be7 (9... Nc5 10. Be3 Bd7 11. Nb3 b6 12. Nbd2 f5 13. b4 Ne4
14. Nxe4 fxe4 15. Nd4 $14 {Sax,G-Bagirov,V/Aaland-Stockholm 1997}) 10. g3 Nc5
11. Bh3 g6 12. O-O Bd7 13. Qe2 Nxd4 14. Nxd4 a5 15. Be3 Qc8 16. Rac1 $14 {
Aagaard,J-Kristjansson,S/Hafnarfjordur 1999}) 8. g3 $5 (8. c3 b5 (8... Be7 9.
Be3 cxd4 10. Nexd4 Nc5 11. Nb3 b6 12. Nfd4 Bd7 13. Qh5 g6 14. Qh3 Qc7 $132 {
Rosen,W-Bagirov,V/Grieskirchen 1998}) 9. Be3 (9. a3 Nb6 10. Ng3 h5 11. Bd3 h4
12. Ne2 Bd7 13. O-O g6 14. Ng5 Rc8 15. Rf3 cxd4 16. cxd4 Ne7 17. Rh3 $16 {
Dolmatov,S-Dokutchaev,A/Novgorod 1999}) 9... Bb7 10. g3 b4 11. Bh3 g6 12. O-O
bxc3 13. bxc3 Na5 14. Nd2 Bc6 15. f5 $5 $36 {Hernandez,A-Prasca Sosa,R/VEN 1999
}) 8... cxd4 9. Nfxd4 (9. Nexd4 $5) 9... Nc5 10. Bg2 Be7 11. O-O Bd7 {Black
refrains from typical f6, which would also lead to balanced position.} (11...
f6 $5 12. exf6 Bxf6 13. Be3 Qe7 (13... Ne4 14. Nxc6 bxc6 15. Bxe4 dxe4 16.
Qxd8+ Bxd8 17. Rad1 $14 {[%csl Ra6,Rc6,Re4,Re6]}) 14. c4 $5 (14. Nxc6 bxc6 15.
Nd4 Bd7 16. Re1 O-O 17. Bf2 $14) 14... Nxd4 15. Nxd4 O-O (15... dxc4 16. Nc6 $1
$16) 16. cxd5 exd5 17. Bxd5+ Kh8 $132) 12. Be3 Qc7 13. c3 g6 $6 14. Rc1 Rc8 15.
b4 Na4 {[%cal Ga4b6,Gb6c4]} 16. Nxc6 Bxc6 17. Nd4 Bd7 (17... O-O $5 18. Nxc6 $6
Qxc6 19. c4 $2 Nb2 20. cxd5 Nxd1 21. dxc6 Nxe3 22. cxb7 Rb8 $19) 18. Rf2 O-O
19. Bf1 Nb6 20. Nb3 Bb5 $6 {Depriving himself counterplay on the queenside
which proves to be crucial.} (20... Nc4 $5 21. Bd4 a5 22. a3 Ba4 $13) 21. Bxb5
axb5 22. Qe2 Nc4 23. Bd4 Ra8 $6 (23... Rce8 $5 24. Re1 f6 25. exf6 Bxf6 26.
Bxf6 Rxf6 27. Nd4 $14) 24. g4 $36 {[%cal Gf4f5]} Rfe8 25. Rcf1 Bf8 26. h4 Bg7
27. Nc5 $5 {[%csl Ga2][%cal Gc5d3,Gd3c1] Intending to put the knight on c1 to
neutralize black's pressure over the a-file.} Qe7 (27... Ra3 28. Nd3 Rea8 29.
Nc1 Qe7 30. g5 $36 {[%cal Gf2h2,Ge2f3,Gf3h3,Gh4h5]}) 28. g5 h5 $2 {Helping
white to get to black king!} 29. gxh6 Bxh6 30. h5 $1 $16 Kh7 $6 (30... b6 31.
Nd3 Kh7 32. hxg6+ fxg6 33. Rh2 Rh8 34. Qg4 Raf8 35. Rf3 Rf5 36. Rfh3 Kg7 37.
Bf2 $18 {[%cal Gf2h4,Gh4f6]}) 31. hxg6+ fxg6 32. Qg4 Qf7 (32... b6 33. Rg2 Qf7
34. Nd7 Bg7 35. Qh4+ Kg8 36. Nf6+ Bxf6 37. exf6 Qh7 38. f7+ $1 $18) 33. Rh2 Qf5
(33... Kg7 34. Qh3 Rh8 35. Qxe6 Qxe6 36. Nxe6+ Kg8 37. Nc7 $18) 34. Qg5 $1 (34.
Qg5 Qf8 35. Nd7 $18 {[%cal Gd7f6]}) 1-0

[Event "North Sea Cup 17th"]
[Site "Esbjerg"]
[Date "2002.07.08"]
[Round "4"]
[White "Dominguez Perez, Leinier"]
[Black "Glek, Igor Vladimirovich"]
[Result "1-0"]
[WhiteElo "2613"]
[BlackElo "2590"]
[Annotator "Finkel,A"]
[PlyCount "102"]
[EventDate "2002.07.05"]
[EventType "tourn"]
[EventRounds "9"]
[EventCountry "DEN"]
[EventCategory "14"]
[SourceTitle "CBM 091"]
[Source "ChessBase"]
[SourceDate "2002.11.12"]
[SourceVersion "1"]
[SourceVersionDate "2002.11.12"]
[SourceQuality "1"]

1. e4 e6 2. d4 d5 3. Nc3 Nf6 4. e5 Nfd7 5. f4 c5 6. Nf3 Nc6 7. Be3 cxd4 8. Nxd4
Bc5 9. Qd2 O-O 10. g3 {In my opinion this modest move is extremly unpleasent
for black. It seems that black faces serious problems in finding active
counterplay.} (10. Nb3 $2 Bxe3 11. Qxe3 f6 12. exf6 Qxf6 13. O-O-O Qxf4 14.
Qxf4 Rxf4 $17 {Palkovi,J-Knaak,R/Stara Zagora 1990}) (10. Be2 a6 11. O-O Bxd4
12. Bxd4 b5 13. a3 Nxd4 14. Qxd4 Qb6 15. Qxb6 Nxb6 16. Bd3 g6 17. Ne2 Bb7 18.
Nd4 $14 {Kudriavcev,D-Sventek,A/Bratislava 1992}) 10... a6 (10... Nxd4 11. Bxd4
b6 12. Bb5 Bb7 13. Ne2 Bxd4 14. Nxd4 Nc5 15. O-O-O Qc7 16. Kb1 a6 17. Bd3 Ne4
18. Qe3 b5 19. h4 b4 20. h5 $14 {Diaz,J-Alvarez Ibarra,R/Cuba 1993}) 11. Bg2 (
11. Bh3 Nxd4 12. Bxd4 b5 13. O-O Qb6 14. Ne2 f6 15. exf6 Nxf6 16. Qe3 Bxd4 17.
Qxd4 Rb8 18. Qxb6 Rxb6 19. Rfe1 $14 {Zwanzger,J-Gamer,T/Oberhof 1999}) 11...
Nxd4 12. Bxd4 b5 13. Ne2 a5 14. a3 Bb7 $6 {Too slow. More chances to equalize
would leave} (14... Qb6 15. O-O b4 16. axb4 Qxb4 17. c3 Qb6 $14) 15. O-O Qb6
16. b4 Bxd4+ 17. Nxd4 axb4 18. axb4 {[%csl Rb7]} Ra4 19. Kh1 Nb8 (19... Rfa8
20. Rae1 {[%cal Gf4f5]} Nf8 21. f5 exf5 22. Nxf5 $14) 20. f5 $1 {Starting an
attack against black king.} Rxa1 21. Rxa1 Nc6 (21... exf5 22. Nxf5 d4 $5 23.
Nxd4 (23. Qxd4 Bxg2+ 24. Kxg2 Qc6+ 25. Kg1 Qxc2 26. Qg4 g6 27. Ne7+ Kh8 $132)
23... Bxg2+ 24. Kxg2 Rd8 25. c3 Nc6 26. Qd3 $1 Nxe5 27. Qxb5 Qc7 $16) 22. Nxc6
Bxc6 23. f6 gxf6 24. exf6 Kh8 25. c3 $1 {Preventing d4.} d4 (25... Rg8 26. Qd4
Qxd4 27. cxd4 Rg6 28. Ra6 Be8 29. Ra8 Rg8 30. Bf3 $1 $18 {[%cal Gf3h5]}) 26.
Qxd4 Bxg2+ 27. Kxg2 Qxd4 28. cxd4 h6 29. Ra5 Kh7 (29... Rb8 30. Ra7 Kg8 31. Kf3
Kh7 32. Rxf7+ Kg6 33. Rc7 Kxf6 34. Rc5 $18) 30. Rxb5 Rd8 31. d5 exd5 32. Rc5 d4
$6 {After this move black's position is hopeless, while after correct} (32...
Kg6 $1 33. Kf3 $1 (33. b5 Kxf6 34. Rc6+ Ke5 (34... Kg7 35. Kf2 d4 36. Ke2 d3+
37. Kd2 f6 38. Rc3 $18 {[%csl Rd3]}) 35. Rxh6 Rb8) 33... Kxf6 34. Rc6+ Kg7 $1 (
34... Ke5 $2 35. Rxh6 Rb8 36. Rh5+ Kd4 37. Rf5 $16) 35. b5 d4 36. Ke2 d3+ 37.
Kd2 Rd5 $1 38. b6 h5 39. b7 Rb5 40. Rc7 Rb3 41. Ke3 Kg6 $14 {black seems to
hold.}) 33. Kf1 d3 34. Ke1 Rd4 (34... Kg6 $5) 35. b5 Rb4 (35... Kg6 36. Kd2
Kxf6 37. b6 Rb4 38. Rc6+ $18) 36. Kd2 Rb3 37. g4 Kg6 38. Rf5 h5 (38... Kh7 39.
h4 Kg6 40. h5+ Kh7 41. Rd5 $18) 39. Rxh5 Kxf6 40. h4 Kg6 41. Rf5 Kg7 42. h5 f6
43. Rd5 Kf7 44. Rd7+ Ke6 45. Rb7 Kd5 46. h6 Ke4 47. Re7+ Kd4 48. Rd7+ Ke4 49.
h7 Rb2+ 50. Kc3 Rc2+ 51. Kb3 Rc8 (51... Rc8 52. b6 Rb8 53. b7 d2 54. Kc2 Kf4
55. Kxd2 Kxg4 56. Rg7+ $18) 1-0

[Event "Aars get2net Cup GM"]
[Site "Aars"]
[Date "1999.10.23"]
[Round "8"]
[White "Nielsen, Peter Heine"]
[Black "Holst, Allan"]
[Result "1-0"]
[WhiteElo "2560"]
[BlackElo "2406"]
[Annotator "Finkel,A"]
[PlyCount "79"]
[EventDate "1999.10.18"]
[EventType "tourn"]
[EventRounds "9"]
[EventCountry "DEN"]
[EventCategory "9"]
[SourceTitle "CBM 074"]
[Source "ChessBase"]
[SourceDate "2000.02.01"]
[SourceVersion "1"]
[SourceVersionDate "2000.02.01"]
[SourceQuality "1"]

1. d4 e6 2. e4 d5 3. Nc3 Nf6 4. e5 Nfd7 5. f4 c5 6. Nf3 Nc6 7. Be3 cxd4 8. Nxd4
Bc5 9. Qd2 Bxd4 10. Bxd4 Nxd4 11. Qxd4 Qb6 12. Qd2 Qxb2 (12... O-O 13. O-O-O
Nc5 (13... f6 14. exf6 Nxf6 15. Be2 Bd7 16. Bf3 Rac8 17. Rhe1 $14 {Krylov,
S-Eroes,P/Wch-09 blind 1998}) 14. g4 $6 Bd7 15. Bg2 Rfc8 16. Kb1 Qa5 17. Qf2
Na4 $36 {Dell'Agosti,A-Hugentobler,P/Weihnachts Open 1996}) (12... Nc5 13.
O-O-O Bd7 14. Kb1 (14. Qd4 a6 15. h4 O-O-O 16. Rh3 Bc6 (16... Kb8 17. f5 Bc8
$13) 17. Ne2 Kb8 18. Rc3 Na4 19. Qxb6 Nxb6 20. Nd4 Bd7 $11 {Kasparov,G-Timman,
J/Horgen 1995}) 14... Na4 15. Nxa4 Bxa4 16. Bd3 Bb5 17. Rhf1 O-O-O 18. Rf3 Kb8
$11 {Franzoni,G-Kelecevic,N/SUI-chT 1996}) 13. Rb1 Qa3 14. Nb5 (14. Bb5 Qe7 $15
) 14... Qc5 $6 ({Deserved attention} 14... Qxa2 $5 15. Nd6+ Kf8 16. Rd1 (16.
Rb3 Nc5) 16... b6 $5 $13 {[%cal Gc8a6] with extremly complicated position.})
15. Nd6+ Ke7 16. Rb5 Qa3 17. c4 d4 ({After} 17... dxc4 18. Bxc4 (18. Nxc4 Qa4)
18... b6 19. Rb3 Qc5 20. Re3 $5 $44 {white keeps an initiative.}) 18. Rb3 (18.
Qxd4 Qc1+ 19. Kf2 b6 20. h4 Rd8 21. Rh3 Kf8 $13) 18... Qc5 19. Ne4 Qc6 20. Qb4+
Kd8 21. Bd3 Rf8 (21... b6) 22. O-O b6 23. Nd6 {[%cal Gd3e4]} Nc5 $2 {Serious
mistake with disasterous consequances.Better was} (23... Qc5 24. Qe1 $5 (24.
Qa4 f6 25. Be4 Rb8) 24... f6 25. Rb5 Qa3 26. Qe4 Rb8 27. Qxh7 Ba6 28. Rb3 Qxa2
29. Rbb1 $14) 24. Be4 $1 {[%cal Gb4f8]} Nxe4 25. Nxe4 Rg8 26. Nd6 $16 Qc5 27.
Qa4 Kc7 28. Rb5 Qc6 29. c5 $1 Bb7 (29... Bd7 30. Rc1 Kb8 31. Qxd4 $18) 30. Rf2
a6 31. Rb4 $1 ({Of course not} 31. cxb6+ $2 Kb8 32. Rb4 Qc1+ 33. Rf1 Qe3+ 34.
Kh1 Qe2 35. Rg1 Bxg2+ $1 36. Rxg2 Qf1+ $11 {and black escapes with the draw.})
31... b5 (31... Qxa4 32. cxb6+ Kb8 33. Rxa4 d3 34. Rd4 $18) 32. Qd1 d3 33. Qxd3
Qxc5 34. Rd4 {[%cal Gf2c2]} Qc1+ $2 {The final mistake,this time with fathal
outcome!} (34... Kb8 35. Rc2 Qb6 36. Kf1 Rd8 $16) 35. Rf1 Qc5 36. Qe3 $18 Bc6
37. Rc1 Qb6 38. a4 Rac8 (38... bxa4 39. Rxc6+ Qxc6 40. Rc4 $18) 39. Nxc8 Rxc8
40. Rd7+ 1-0